[Event "FRA-chT Top 12"]
[Site "Saint Quentin"]
[Date "2014.06.01"]
[Round "9.3"]
[White "Bunzmann, Dimitrij"]
[Black "Sochacki, Christophe"]
[Result "1/2-1/2"]
[WhiteElo "2464"]
[BlackElo "2449"]
[PlyCount "37"]
[EventDate "2014.05.24"]
[EventType "team-tourn"]
[EventRounds "11"]
[EventCountry "FRA"]
[SourceTitle "CBM 160 Extra"]
[Source "ChessBase"]
[SourceDate "2014.07.01"]
[SourceVersion "1"]
[SourceVersionDate "2014.07.01"]
[SourceQuality "1"]
[WhiteTeam "Haute Picardie"]
[BlackTeam "Evry Grand Roque"]
[WhiteTeamCountry "FRA"]
[BlackTeamCountry "FRA"]

1. d4 Nf6 2. Nf3 e6 3. c4 d5 4. Bg5 dxc4 5. Nc3 c5 6. e3 a6 7. Bxc4 b5 8. Bb3 Bb7 9. 0-0 h6 10. Bh4 cxd4 11. exd4 Be7 12. d5 Nxd5 13. Bxd5 Bxd5 14. Nxd5 Bxh4 15. Nxh4 0-0 16. Nf5 exf5 17. Qf3 Nd7 18. Qxf5 Nb6 19. Rad1 1/2-1/2

[Event "FRA-chT Top 12"]
[Site "Saint Quentin"]
[Date "2014.05.30"]
[Round "7.6"]
[White "Alexieva, Silvia"]
[Black "Bunzmann, Dimitrij"]
[Result "1-0"]
[WhiteElo "2290"]
[BlackElo "2464"]
[PlyCount "67"]
[EventDate "2014.05.24"]
[EventType "team-tourn"]
[EventRounds "11"]
[EventCountry "FRA"]
[SourceTitle "CBM 160 Extra"]
[Source "ChessBase"]
[SourceDate "2014.07.01"]
[SourceVersion "1"]
[SourceVersionDate "2014.07.01"]
[SourceQuality "1"]
[WhiteTeam "Montpellier"]
[BlackTeam "Haute Picardie"]
[WhiteTeamCountry "FRA"]
[BlackTeamCountry "FRA"]

1. c4 b6 2. Nc3 Bb7 3. e4 e6 4. Nge2 f5 5. exf5 exf5 6. Nf4 Nf6 7. Be2 Bd6 8. d4 0-0 9. 0-0 Ne4 10. c5 Bxf4 11. Bxf4 Nxc3 12. bxc3 Kh8 13. Bf3 Bxf3 14. Qxf3 Na6 15. Qd3 Qc8 16. Rae1 bxc5 17. Re7 d6 18. Rfe1 cxd4 19. cxd4 Rb8 20. a3 Rf6 21. h4 Qb7 22. Bxd6 Rbf8 23. Be5 Rg6 24. g3 h6 25. d5 Qb6 26. Qc3 Kg8 27. Bxg7 f4 28. Bd4 Qd6 29. h5 Rg5 30. Qd3 Rff5 31. Re8+ Kf7 32. Qxa6 fxg3 33. f4 Re5 34. Qxd6 1-0

[Event "BL2-Sued 1011"]
[Site "Germany"]
[Date "2011.01.16"]
[Round "5.2"]
[White "Bunzmann, Dimitrij"]
[Black "Kozlov, Alexander"]
[Result "1-0"]
[WhiteElo "2485"]
[BlackElo "2182"]
[PlyCount "79"]
[EventDate "2010.10.10"]
[EventType "team-tourn"]
[EventRounds "9"]
[EventCountry "GER"]
[SourceTitle "EXT 2012"]
[Source "ChessBase"]
[SourceDate "2011.11.24"]
[SourceVersion "1"]
[SourceVersionDate "2011.11.24"]
[SourceQuality "1"]
[WhiteTeam "Boeblingen"]
[BlackTeam "Schwegenheim"]
[WhiteTeamCountry "GER"]
[BlackTeamCountry "GER"]

1. c4 g6 2. Nc3 Bg7 3. d4 c5 4. d5 Bxc3+ 5. bxc3 f5 6. h4 Nf6 7. h5 Rg8 8. hxg6 hxg6 9. g4 Qa5 10. Qd3 d6 11. g5 Ne4 12. f3 Qxc3+ 13. Qxc3 Nxc3 14. a4 Bd7 15. a5 Na4 16. e3 b5 17. Kd2 b4 18. Kc2 Na6 19. Kb3 Nc3 20. Bb2 0-0-0 21. Bxc3 bxc3 22. Ne2 e5 23. dxe6 Bxe6 24. Nf4 Bf7 25. Rh7 Rd7 26. Kxc3 Be8 27. Rh6 Nb4 28. e4 Re7 29. Bd3 Nxd3 30. Kxd3 fxe4+ 31. fxe4 Bc6 32. Re1 Kd7 33. e5 dxe5 34. Nxg6 e4+ 35. Ke3 Re6 36. Rd1+ Ke8 37. Nf4 Rxh6 38. gxh6 Rg3+ 39. Ke2 Rg4 40. Rh1 1-0

[Event "BL2-Sued 1011"]
[Site "Germany"]
[Date "2010.10.10"]
[Round "1.2"]
[White "Bunzmann, Dimitrij"]
[Black "Williams, Simon Kim"]
[Result "0-1"]
[WhiteElo "2485"]
[BlackElo "2485"]
[PlyCount "63"]
[EventDate "2010.10.10"]
[EventType "team-tourn"]
[EventRounds "9"]
[EventCountry "GER"]
[SourceTitle "EXT 2012"]
[Source "ChessBase"]
[SourceDate "2011.11.24"]
[SourceVersion "1"]
[SourceVersionDate "2011.11.24"]
[SourceQuality "1"]
[WhiteTeam "Boeblingen"]
[BlackTeam "Viernheim"]
[WhiteTeamCountry "GER"]
[BlackTeamCountry "GER"]

1. d4 e6 2. e4 d5 3. Nc3 Bb4 4. exd5 exd5 5. Bd3 Nc6 6. a3 Bxc3+ 7. bxc3 Nge7 8. Qh5 Be6 9. Rb1 b6 10. Ne2 Qd7 11. 0-0 h6 12. Re1 Bg4 13. Qh4 0-0-0 14. Qg3 g5 15. a4 Be6 16. Qf3 Nf5 17. Ng3 Nd6 18. Ba3 Nc4 19. Bxc4 dxc4 20. Qf6 Rde8 21. Nh5 Bd5 22. Ng7 Rxe1+ 23. Rxe1 Kb7 24. h3 g4 25. h4 g3 26. f3 Rg8 27. Bc1 Nb8 28. Bf4 Qxa4 29. Nf5 Qxc2 30. Nxg3 Nd7 31. Qe7 Qxc3 32. Kh2 0-1

[Event "BL2-Sued 0910"]
[Site "Germany"]
[Date "2010.02.07"]
[Round "6.2"]
[White "Bunzmann, Dimitrij"]
[Black "Bastian, Herbert"]
[Result "1/2-1/2"]
[WhiteElo "2493"]
[BlackElo "2352"]
[PlyCount "85"]
[EventDate "2009.10.18"]
[EventType "team-tourn"]
[EventRounds "9"]
[EventCountry "GER"]
[SourceTitle "EXT 2011"]
[Source "ChessBase"]
[SourceDate "2010.11.26"]
[SourceVersion "1"]
[SourceVersionDate "2010.11.26"]
[SourceQuality "1"]
[WhiteTeam "Boeblingen"]
[BlackTeam "Saarbruecken"]
[WhiteTeamCountry "GER"]
[BlackTeamCountry "GER"]

1. d4 Nf6 2. c4 g6 3. Nc3 Bg7 4. e4 0-0 5. Nf3 d6 6. Be2 e5 7. 0-0 Nc6 8. d5 Ne7 9. Ne1 Ne8 10. Nd3 f5 11. Bd2 Kh8 12. f4 c6 13. Bf3 fxe4 14. Bxe4 Nf6 15. fxe5 dxe5 16. Bg5 Nxe4 17. Nxe4 cxd5 18. Rxf8+ Qxf8 19. Bxe7 Qxe7 20. cxd5 Bf5 21. Ndf2 Qb4 22. Qb3 Qxb3 23. axb3 Bh6 24. Re1 Rd8 25. d6 Be6 26. b4 b6 27. g4 Bf4 28. h3 Kg7 29. Nd3 g5 30. Kf2 Kg6 31. Rd1 h5 32. gxh5+ Kxh5 33. Rg1 Kh6 34. Nxf4 gxf4 35. Rg5 Bd5 36. Rxe5 Bxe4 37. Rxe4 Rxd6 38. Kf3 Rd2 39. Re2 Rd4 40. b5 Rb4 41. Re5 Rxb2 42. Kxf4 Ra2 43. h4 1/2-1/2

[Event "BL2-Sued 0809"]
[Site "Germany"]
[Date "2009.03.29"]
[Round "9.1"]
[White "Bunzmann, Dimitrij"]
[Black "Fedorovsky, Michael"]
[Result "1-0"]
[WhiteElo "2485"]
[BlackElo "2410"]
[PlyCount "83"]
[EventDate "2008.10.05"]
[EventType "team-tourn"]
[EventRounds "9"]
[EventCountry "GER"]
[SourceTitle "CBM 129 Extra"]
[Source "ChessBase"]
[SourceDate "2009.05.05"]
[SourceVersion "2"]
[SourceVersionDate "2009.05.20"]
[SourceQuality "1"]
[WhiteTeam "Boeblingen"]
[BlackTeam "Muenchen Tarrasch"]
[WhiteTeamCountry "GER"]
[BlackTeamCountry "GER"]

1. d4 Nf6 2. c4 e6 3. Nf3 d5 4. Nc3 c6 5. e3 Nbd7 6. Qc2 Bd6 7. Bd2 0-0 8. Be2 a6 9. 0-0 dxc4 10. Bxc4 b5 11. Bd3 Bb7 12. Ng5 h6 13. Nge4 Nxe4 14. Nxe4 Be7 15. b4 e5 16. Ng3 exd4 17. exd4 Re8 18. Rfe1 Nf6 19. Nf5 Bf8 20. Re5 Rxe5 21. dxe5 Ng4 22. Bf4 c5 23. Be2 Nxe5 24. Bxe5 cxb4 25. Rd1 Qg5 26. Bg3 Rc8 27. Qb1 Re8 28. Nd4 Bc5 29. Bf3 Bxf3 30. Nxf3 Qg4 31. Bd6 Bxd6 32. Rxd6 a5 33. h3 Qc4 34. Rd4 Qc3 35. Qf1 Rb8 36. Qd1 a4 37. Qb1 b3 38. axb3 axb3 39. Rd3 Qc2 40. Rxb3 Qxb1+ 41. Rxb1 b4 42. Rb3 1-0

[Event "BL2-Sued 0809"]
[Site "Germany"]
[Date "2009.03.01"]
[Round "7.1"]
[White "Georgiev, Vladimir"]
[Black "Bunzmann, Dimitrij"]
[Result "0-1"]
[WhiteElo "2515"]
[BlackElo "2485"]
[PlyCount "106"]
[EventDate "2008.10.05"]
[EventType "team-tourn"]
[EventRounds "9"]
[EventCountry "GER"]
[SourceTitle "CBM 129 Extra"]
[Source "ChessBase"]
[SourceDate "2009.05.05"]
[SourceVersion "2"]
[SourceVersionDate "2009.05.20"]
[SourceQuality "1"]
[WhiteTeam "Neuhausen"]
[BlackTeam "Boeblingen"]
[WhiteTeamCountry "GER"]
[BlackTeamCountry "GER"]

1. d4 Nf6 2. c4 e6 3. Nc3 c5 4. d5 exd5 5. cxd5 d6 6. e4 g6 7. Bd3 Bg7 8. Nge2 0-0 9. Bg5 h6 10. Bf4 Na6 11. 0-0 Nc7 12. h3 b5 13. a3 a5 14. Qd2 Kh7 15. Ng3 b4 16. axb4 axb4 17. Rxa8 Nxa8 18. Nb5 Ne8 19. Ra1 Nac7 20. Nxc7 Qxc7 21. Rc1 Qe7 22. b3 Nc7 23. Qa2 Rd8 24. Qa5 Ne8 25. Bc4 h5 26. Re1 Qc7 27. Qa2 Bc3 28. Bd2 Bf6 29. Qc2 Kg8 30. Qc1 Qe7 31. Kh1 Nc7 32. Nf1 Re8 33. Nh2 Bd4 34. Re2 Ba6 35. Bxa6 Nxa6 36. Nf3 Bg7 37. Bg5 Qd7 38. Ra2 Nc7 39. Qc4 Nb5 40. Ra6 Qb7 41. Rc6 Na3 42. Qc1 Nb5 43. e5 Bxe5 44. Nxe5 Rxe5 45. Bf6 Rf5 46. Qa1 Kh7 47. Bh8 Nc3 48. Qe1 Kxh8 49. Qe8+ Kg7 50. Rc8 Kf6 51. Qh8+ Kg5 52. Qd8+ Rf6 53. Rc6 Kf5 0-1

[Event "Boeblingen op 25th"]
[Site "Boeblingen"]
[Date "2008.12.26"]
[Round "1"]
[White "Meessen, Max"]
[Black "Bunzmann, Dimitrij"]
[Result "0-1"]
[WhiteElo "2131"]
[BlackElo "2487"]
[PlyCount "54"]
[EventDate "2008.12.26"]
[EventType "swiss"]
[EventRounds "9"]
[EventCountry "GER"]
[SourceTitle "CBM 128 Extra"]
[Source "ChessBase"]
[SourceDate "2009.03.05"]
[SourceVersion "2"]
[SourceVersionDate "2009.03.25"]
[SourceQuality "1"]

1. d4 Nf6 2. c4 e6 3. Nc3 Bb4 4. Nf3 0-0 5. Bg5 h6 6. Bh4 c5 7. e3 Qa5 8. Bxf6 Bxc3+ 9. bxc3 Qxc3+ 10. Nd2 gxf6 11. Rc1 Qa3 12. Be2 cxd4 13. exd4 Nc6 14. Ne4 Qa5+ 15. Kf1 Qf5 16. Bf3 Rd8 17. Rc3 Qf4 18. g3 Qf5 19. Nd6 Qa5 20. Rd3 b6 21. d5 Ne5 22. dxe6 dxe6 23. Bxa8 Nxd3 24. Qxd3 Qc5 25. Qf3 Rxd6 26. Qxf6 e5 27. Qh4 Rd2 0-1

[Event "BL2-Sued 0809"]
[Site "Germany"]
[Date "2008.12.14"]
[Round "4.2"]
[White "Agopov, Mikael"]
[Black "Bunzmann, Dimitrij"]
[Result "1-0"]
[WhiteElo "2445"]
[BlackElo "2485"]
[PlyCount "89"]
[EventDate "2008.10.05"]
[EventType "team-tourn"]
[EventRounds "9"]
[EventCountry "GER"]
[SourceTitle "CBM 129 Extra"]
[Source "ChessBase"]
[SourceDate "2009.05.05"]
[SourceVersion "2"]
[SourceVersionDate "2009.05.20"]
[SourceQuality "1"]
[WhiteTeam "Heidelberg Kirchheim"]
[BlackTeam "Boeblingen"]
[WhiteTeamCountry "GER"]
[BlackTeamCountry "GER"]

1. e4 e6 2. d4 d5 3. Nd2 Nf6 4. e5 Nfd7 5. Bd3 c5 6. c3 Nc6 7. Ne2 cxd4 8. cxd4 f6 9. exf6 Qxf6 10. Nf3 h6 11. 0-0 Bd6 12. Be3 0-0 13. Qd2 e5 14. dxe5 Ndxe5 15. Nxe5 Nxe5 16. Bd4 Qh4 17. f4 Nc6 18. Bf2 Qf6 19. Bc2 Kh8 20. Qd3 Bf5 21. Qxf5 Qxf5 22. Bxf5 Rxf5 23. g3 g5 24. Nd4 Rff8 25. Nb5 Rfd8 26. fxg5 hxg5 27. Be3 g4 28. Rf5 Be5 29. Rxe5 Nxe5 30. Bd4 Kh7 31. Bxe5 a6 32. Nd4 Re8 33. Bf4 Rac8 34. Rd1 Kg6 35. Kg2 Re4 36. Rd2 Rc4 37. Nc2 d4 38. h3 Kh5 39. hxg4+ Kxg4 40. b3 Rc8 41. Nxd4 Rce8 42. Kf2 Rh8 43. Nf3 Rc8 44. Rd5 Rc2+ 45. Bd2 1-0

[Event "BL2-Sued 0809"]
[Site "Germany"]
[Date "2008.10.26"]
[Round "2.2"]
[White "Chernov, Vadim A"]
[Black "Bunzmann, Dimitrij"]
[Result "1-0"]
[WhiteElo "2455"]
[BlackElo "2485"]
[PlyCount "47"]
[EventDate "2008.10.05"]
[EventType "team-tourn"]
[EventRounds "9"]
[EventCountry "GER"]
[SourceTitle "CBM 129 Extra"]
[Source "ChessBase"]
[SourceDate "2009.05.05"]
[SourceVersion "2"]
[SourceVersionDate "2009.05.20"]
[SourceQuality "1"]
[WhiteTeam "Heidelberg Handschuhsheim"]
[BlackTeam "Boeblingen"]
[WhiteTeamCountry "GER"]
[BlackTeamCountry "GER"]

1. e4 e6 2. d4 d5 3. Nd2 Nf6 4. e5 Nfd7 5. c3 c5 6. Bd3 Nc6 7. Ngf3 a5 8. 0-0 a4 9. Re1 a3 10. c4 cxd4 11. cxd5 Nc5 12. Nc4 axb2 13. Bxb2 exd5 14. Nd6+ Bxd6 15. exd6+ Ne6 16. Nxd4 Ncxd4 17. Bxd4 0-0 18. Be5 Bd7 19. Qb1 Bc6 20. Bxh7+ Kh8 21. Bf5 Qg5 22. Re3 Ra4 23. Rg3 Qh5 24. Bxe6 1-0

[Event "AUT-chT 0708"]
[Site "Austria"]
[Date "2008.03.15"]
[Round "10.4"]
[White "Bunzmann, Dimitrij"]
[Black "Haba, Petr"]
[Result "0-1"]
[WhiteElo "2518"]
[BlackElo "2536"]
[PlyCount "96"]
[EventDate "2007.11.30"]
[EventType "team"]
[EventRounds "11"]
[EventCountry "AUT"]
[SourceTitle "EXT 2009"]
[Source "ChessBase"]
[SourceDate "2008.11.26"]
[SourceVersion "1"]
[SourceVersionDate "2008.11.26"]
[SourceQuality "1"]
[WhiteTeam "Maria Saal"]
[BlackTeam "Ansfelden"]
[WhiteTeamCountry "AUT"]
[BlackTeamCountry "AUT"]

1. c4 c6 2. e4 d5 3. exd5 cxd5 4. d4 Nf6 5. Nc3 e6 6. a3 Be7 7. Nf3 0-0 8. c5 Ne4 9. Qc2 f5 10. b4 Bf6 11. Bb2 b6 12. Be2 a5 13. Na4 bxc5 14. bxc5 Ba6 15. Bxa6 Rxa6 16. 0-0 Nc6 17. Rab1 g5 18. Qd3 Ra7 19. Ne1 Qe8 20. f3 Nxd4 21. fxe4 Qxa4 22. exd5 exd5 23. Rd1 Ne6 24. Bxf6 Rxf6 25. Qxd5 Kg7 26. Nf3 Qxa3 27. c6 Qe3+ 28. Kh1 Nf4 29. Qc4 Qe2 30. Qxe2 Nxe2 31. Rd2 Nc3 32. Rc1 Rxc6 33. Nd4 Rc4 34. Nxf5+ Kg6 35. Ne3 Rc5 36. g4 Ne4 37. Rxc5 Nxc5 38. Rd6+ Kf7 39. Rh6 Kg8 40. Rc6 Nd7 41. Nf5 a4 42. Ne7+ Kf8 43. Nc8 Ra8 44. Rc7 a3 45. Rxd7 a2 46. Rd8+ Kg7 47. Rd1 Rxc8 48. Kg2 Ra8 0-1

[Event "Bundesliga 0708"]
[Site "Germany"]
[Date "2007.10.20"]
[Round "1.7"]
[White "Bunzmann, Dimitrij"]
[Black "Jackelen, Thomas"]
[Result "1/2-1/2"]
[WhiteElo "2529"]
[BlackElo "2432"]
[PlyCount "79"]
[EventDate "2007.10.20"]
[EventType "team-tourn"]
[EventRounds "15"]
[EventCountry "GER"]
[SourceTitle "CBM 123"]
[Source "ChessBase"]
[SourceDate "2008.04.02"]
[SourceVersion "1"]
[SourceVersionDate "2008.04.02"]
[SourceQuality "1"]
[WhiteTeam "Bindlach"]
[BlackTeam "Godesberg"]
[WhiteTeamCountry "GER"]
[BlackTeamCountry "GER"]

1. d4 d5 2. c4 c6 3. Nc3 Nf6 4. e3 e6 5. Bd2 c5 6. cxd5 exd5 7. Nf3 a6 8. Ne5 Bd6 9. Be2 0-0 10. 0-0 Re8 11. f4 Nc6 12. Be1 Qb6 13. Na4 Qa7 14. Bc3 Bd7 15. dxc5 Bxc5 16. Nxd7 Nxd7 17. Qxd5 Bxe3+ 18. Kh1 Rad8 19. Qg5 Bd4 20. Bf3 Nf6 21. Rad1 h6 22. Qf5 Bxc3 23. Rxd8 Rxd8 24. bxc3 Ne7 25. Qa5 Rc8 26. Nb6 Rc7 27. Rb1 Qb8 28. Qe5 Ng6 29. Qd6 Ne8 30. Qd4 Re7 31. Nd5 Rd7 32. Re1 Qd8 33. g3 Nc7 34. c4 Nxd5 35. cxd5 Ne7 36. Qa4 Kf8 37. Qb4 Kg8 38. Qa4 Kf8 39. Qb4 Kg8 40. Qa4 1/2-1/2

[Event "FRA-chT Top 16 Gp Basse"]
[Site "France"]
[Date "2007.05.31"]
[Round "8.3"]
[White "Glek, Igor Vladimirovich"]
[Black "Bunzmann, Dimitrij"]
[Result "1-0"]
[WhiteElo "2531"]
[BlackElo "2525"]
[PlyCount "51"]
[EventDate "2007.05.31"]
[EventType "team"]
[EventRounds "11"]
[EventCountry "FRA"]
[SourceTitle "EXT 2008"]
[Source "ChessBase"]
[SourceDate "2007.11.25"]
[SourceVersion "1"]
[SourceVersionDate "2007.11.25"]
[SourceQuality "1"]
[WhiteTeam "Vandoeuvre"]
[BlackTeam "Drancy"]
[WhiteTeamCountry "FRA"]
[BlackTeamCountry "FRA"]

1. e4 e6 2. f4 d5 3. e5 Nh6 4. Nf3 Be7 5. c3 0-0 6. d4 b6 7. Be3 f6 8. exf6 Bxf6 9. Bd3 Ba6 10. 0-0 Nf5 11. Bf2 Qc8 12. Re1 Nd6 13. Bc2 c5 14. Nbd2 Re8 15. dxc5 bxc5 16. Nb3 c4 17. Nc5 Bb7 18. Ng5 Bxg5 19. fxg5 Nd7 20. Nxd7 Qxd7 21. Bxh7+ Kxh7 22. Qh5+ Kg8 23. g6 e5 24. Bh4 Nf7 25. Qh7+ Kf8 26. Rf1 1-0

[Event "FRA-chT Top 16 GpB"]
[Site "France"]
[Date "2007.05.02"]
[Round "7.3"]
[White "Bunzmann, Dimitrij"]
[Black "Sokolov, Andrei"]
[Result "1/2-1/2"]
[WhiteElo "2525"]
[BlackElo "2584"]
[PlyCount "20"]
[EventDate "2007.02.09"]
[EventType "team"]
[EventRounds "11"]
[EventCountry "FRA"]
[SourceTitle "EXT 2008"]
[Source "ChessBase"]
[SourceDate "2007.11.25"]
[SourceVersion "1"]
[SourceVersionDate "2007.11.25"]
[SourceQuality "1"]
[WhiteTeam "Drancy"]
[BlackTeam "Mulhouse"]
[WhiteTeamCountry "FRA"]
[BlackTeamCountry "FRA"]

1. d4 Nf6 2. c4 e6 3. g3 d5 4. Nf3 Bb4+ 5. Bd2 Be7 6. Bg2 0-0 7. 0-0 c6 8. Qc2 b6 9. Bf4 Bb7 10. Rd1 Nbd7 1/2-1/2

[Event "Bundesliga 0607"]
[Site "Germany"]
[Date "2007.04.01"]
[Round "15.6"]
[White "Babula, Vlastimil"]
[Black "Bunzmann, Dimitrij"]
[Result "1-0"]
[WhiteElo "2584"]
[BlackElo "2530"]
[PlyCount "119"]
[EventDate "2006.10.28"]
[EventType "team-tourn"]
[EventRounds "15"]
[EventCountry "GER"]
[SourceTitle "CBM 118"]
[Source "ChessBase"]
[SourceDate "2007.05.31"]
[SourceVersion "1"]
[SourceVersionDate "2007.05.31"]
[SourceQuality "1"]
[WhiteTeam "Werder Bremen"]
[BlackTeam "Bann"]
[WhiteTeamCountry "GER"]
[BlackTeamCountry "GER"]

1. d4 d5 2. c4 e6 3. Nc3 a6 4. cxd5 exd5 5. Nf3 c6 6. Bf4 Bd6 7. Bxd6 Qxd6 8. e3 Ne7 9. Be2 Nd7 10. 0-0 Nf6 11. Na4 Rb8 12. Rc1 0-0 13. Nc5 Rd8 14. b4 b6 15. Nd3 Ne4 16. a4 Bf5 17. a5 Rdc8 18. axb6 Rxb6 19. Qa4 Rcb8 20. Qa5 Qd8 21. Rfd1 Nd6 22. Nc5 Rxb4 23. Qxd8+ Rxd8 24. Bxa6 f6 25. Ne1 Ra8 26. Bd3 Kf7 27. Ra1 Rxa1 28. Rxa1 Nb7 29. Nxb7 Rxb7 30. Bxf5 Nxf5 31. Nd3 g5 32. g3 h5 33. h3 Kg6 34. Kf1 Rb3 35. Ke2 Nd6 36. Ra6 Rc3 37. Nb4 Rb3 38. Nxd5 Rb2+ 39. Kf3 cxd5 40. Rxd6 Rb5 41. Rd7 Ra5 42. g4 h4 43. Rc7 Ra6 44. Rd7 Ra5 45. Kg2 Rb5 46. Rc7 Rb8 47. Rc5 Rd8 48. f4 gxf4 49. exf4 Rd6 50. Kf3 Ra6 51. Rxd5 Ra3+ 52. Ke4 Rxh3 53. Rd6 Ra3 54. g5 h3 55. Rxf6+ Kh5 56. Rh6+ Kg4 57. g6 Ra7 58. Ke5 Re7+ 59. Kf6 Re4 60. g7 1-0

[Event "Bundesliga 0607"]
[Site "Germany"]
[Date "2007.02.25"]
[Round "11.7"]
[White "Kern, Guido"]
[Black "Bunzmann, Dimitrij"]
[Result "0-1"]
[WhiteElo "2352"]
[BlackElo "2530"]
[PlyCount "120"]
[EventDate "2006.10.28"]
[EventType "team-tourn"]
[EventRounds "15"]
[EventCountry "GER"]
[SourceTitle "CBM 118"]
[Source "ChessBase"]
[SourceDate "2007.05.31"]
[SourceVersion "1"]
[SourceVersionDate "2007.05.31"]
[SourceQuality "1"]
[WhiteTeam "Muelheim Nord"]
[BlackTeam "Bann"]
[WhiteTeamCountry "GER"]
[BlackTeamCountry "GER"]

1. Nf3 d5 2. d4 e6 3. c4 a6 4. cxd5 exd5 5. Nc3 c6 6. Bf4 Bd6 7. Bxd6 Qxd6 8. e3 Ne7 9. Bd3 Bf5 10. 0-0 0-0 11. Bxf5 Nxf5 12. Qc2 Qe6 13. Na4 Nd7 14. b4 Nd6 15. Nc5 Qe7 16. Rfb1 Rfe8 17. Nxd7 Qxd7 18. Ne5 Qe6 19. a4 Rac8 20. Re1 f6 21. Nd3 Qf5 22. Re2 Rc7 23. Nf4 g5 24. Nd3 Rce7 25. Nc5 Qc8 26. Nd3 Kg7 27. Rae1 Qf5 28. Nc5 Qc8 29. Nd3 Qc7 30. Rc1 Qd7 31. Rce1 Qg4 32. Nc5 Qh5 33. Qb1 f5 34. Nd3 Nc4 35. Nb2 Nd6 36. Nd3 Nc4 37. Nb2 Nxb2 38. Qxb2 f4 39. f3 Rxe3 40. Rxe3 Rxe3 41. Rxe3 fxe3 42. Qe2 Qe8 43. Kf1 Qe7 44. Qb2 Qd6 45. g3 g4 46. fxg4 Qf6+ 47. Kg2 Qg6 48. Qe2 Qe4+ 49. Qf3 Qxd4 50. Qf4 Qxf4 51. gxf4 a5 52. bxa5 c5 53. Kf3 d4 54. Ke2 c4 55. h4 Kf6 56. h5 h6 57. a6 bxa6 58. a5 Kg7 59. g5 hxg5 60. fxg5 Kh7 0-1

[Event "Bundesliga 0607"]
[Site "Germany"]
[Date "2007.02.24"]
[Round "10.7"]
[White "Bunzmann, Dimitrij"]
[Black "Souleidis, Georgios"]
[Result "1-0"]
[WhiteElo "2530"]
[BlackElo "2407"]
[PlyCount "133"]
[EventDate "2006.10.28"]
[EventType "team-tourn"]
[EventRounds "15"]
[EventCountry "GER"]
[SourceTitle "CBM 118"]
[Source "ChessBase"]
[SourceDate "2007.05.31"]
[SourceVersion "1"]
[SourceVersionDate "2007.05.31"]
[SourceQuality "1"]
[WhiteTeam "Bann"]
[BlackTeam "Katernberg"]
[WhiteTeamCountry "GER"]
[BlackTeamCountry "GER"]

1. c4 g6 2. d4 Bg7 3. Nc3 Nf6 4. e4 d6 5. Nf3 0-0 6. Be2 e5 7. 0-0 Na6 8. Re1 Qe8 9. Bf1 Bg4 10. d5 Nb4 11. Be2 a5 12. Rb1 Na6 13. Be3 Nc5 14. Nd2 Bd7 15. b3 Kh8 16. a3 Ng8 17. b4 axb4 18. axb4 Na4 19. Nxa4 Bxa4 20. Qc1 f5 21. f3 Bd7 22. c5 Nf6 23. Qc2 fxe4 24. fxe4 Bb5 25. Nc4 Bxc4 26. Qxc4 Ra3 27. Bf3 Qa4 28. Bd1 Qa8 29. h3 h5 30. Bb3 Kh7 31. Bf2 Rf7 32. b5 Bf8 33. b6 cxb6 34. c6 Ra6 35. Qb5 Rc7 36. Rbc1 Bh6 37. Rc2 bxc6 38. dxc6 Ra1 39. Qxb6 Rxe1+ 40. Bxe1 Ne8 41. Bd5 Qa1 42. Kf1 Qd1 43. Re2 Rg7 44. Qb3 Qa1 45. Qc3 Qd1 46. Bb3 Qb1 47. Qb4 Qc1 48. Qc4 Qb1 49. Ra2 d5 50. exd5 Rf7+ 51. Rf2 Rxf2+ 52. Kxf2 Nd6 53. Qc2 Qa1 54. c7 Qd4+ 55. Kf1 Be3 56. Ke2 Bg5 57. Bf2 Qb4 58. Kf1 e4 59. Bc5 Qb5+ 60. Kg1 Nc8 61. d6 Bf4 62. Qc4 Qa5 63. Qg8+ Kh6 64. Qf8+ Kg5 65. h4+ Kg4 66. Bd1+ Kxh4 67. Qxf4# 1-0

[Event "AUT-chT 0607"]
[Site "Austria"]
[Date "2007.01.20"]
[Round "6"]
[White "Lehner, Oliver"]
[Black "Bunzmann, Dimitrij"]
[Result "1-0"]
[WhiteElo "2415"]
[BlackElo "2530"]
[PlyCount "91"]
[EventDate "2006.11.03"]
[EventType "team"]
[EventRounds "11"]
[EventCountry "AUT"]
[SourceTitle "EXT 2008"]
[Source "ChessBase"]
[SourceDate "2007.11.25"]
[SourceVersion "1"]
[SourceVersionDate "2007.11.25"]
[SourceQuality "1"]
[WhiteTeam "Jenbach"]
[BlackTeam "Maria Saal"]
[WhiteTeamCountry "AUT"]
[BlackTeamCountry "AUT"]

1. Nf3 e6 2. c4 f5 3. g3 Nf6 4. Bg2 Be7 5. 0-0 0-0 6. d3 Nc6 7. Nc3 d6 8. Rb1 a5 9. a3 Qe8 10. e3 Kh8 11. b3 Bd8 12. b4 axb4 13. axb4 Qh5 14. Nd4 Nxd4 15. exd4 Qf7 16. Re1 Ne8 17. Ne2 Bf6 18. Bb2 c6 19. Ra1 Rxa1 20. Qxa1 d5 21. Kh1 Nd6 22. c5 Nb5 23. Ng1 g5 24. Nf3 g4 25. Ne5 Bxe5 26. Rxe5 f4 27. Bc1 fxg3 28. fxg3 Qg6 29. Bf4 Qxd3 30. Rg5 Rxf4 31. gxf4 Qxd4 32. Qf1 Qxb4 33. Rxg4 Qxc5 34. Bh3 Qf8 35. Rg1 Nd4 36. f5 Nxf5 37. Qf4 c5 38. Qe5+ Ng7 39. Rf1 Qe8 40. Bg4 h5 41. Bd1 Bd7 42. Bc2 Kg8 43. Qf6 Bb5 44. Rf2 d4 45. Bg6 Qc6+ 46. Kg1 1-0

[Event "AUT-chT 0607"]
[Site "Austria"]
[Date "2006.11.05"]
[Round "3"]
[White "Loeffler, Stefan"]
[Black "Bunzmann, Dimitrij"]
[Result "0-1"]
[WhiteElo "2448"]
[BlackElo "2530"]
[PlyCount "114"]
[EventDate "2006.11.03"]
[EventType "team"]
[EventRounds "11"]
[EventCountry "AUT"]
[SourceTitle "EXT 2007"]
[Source "ChessBase"]
[SourceDate "2006.11.23"]
[SourceVersion "1"]
[SourceVersionDate "2006.11.23"]
[SourceQuality "1"]
[WhiteTeam "Baden"]
[BlackTeam "Maria Saal"]
[WhiteTeamCountry "AUT"]
[BlackTeamCountry "AUT"]

1. d4 e6 2. e4 d5 3. Bd3 c5 4. exd5 exd5 5. Nf3 c4 6. Be2 Bd6 7. b3 cxb3 8. axb3 Ne7 9. 0-0 Nbc6 10. c4 0-0 11. Nc3 Bb4 12. Na2 Bd6 13. c5 Bc7 14. b4 a6 15. Bg5 f6 16. Bh4 Bg4 17. Bg3 Bxg3 18. hxg3 Nf5 19. Nc3 Nxb4 20. Qb1 a5 21. Bd3 Nxd3 22. Qxd3 Ne7 23. Qb5 Ra7 24. Nd2 Nc6 25. Nb3 Bf5 26. Ra2 Qd7 27. Nxa5 Nxa5 28. Rxa5 Qxb5 29. Rxb5 Bd3 30. Re1 Bxb5 31. Nxb5 Ra4 32. Re7 Rb8 33. f4 g6 34. Rd7 Rb4 35. Nc7 Rxd4 36. Nxd5 Kh8 37. Kf2 Re8 38. Rxh7+ Kxh7 39. Nxf6+ Kh8 40. Nxe8 Rd5 41. Nd6 b6 42. Ke3 Rxc5 43. Kd4 Rc2 44. f5 gxf5 45. Nxf5 b5 46. Ne3 Rc8 47. Nd5 Kg7 48. Ne7 Rc7 49. Nd5 Rc4+ 50. Kd3 Rc8 51. g4 Kh6 52. Ne7 Rc7 53. Nd5 Rd7 54. Ke4 Kg5 55. Ke5 Rd8 56. Kd4 b4 57. Kc4 Rxd5 0-1